000
003340000a22001450004500
060
_a
100
082
_a
589.34 STR.02
100
_a
Fritsch, F E
245
_a
Structure and reproduction of the Algae,VII
260
_a
London, Cambridge University Press
260
_c
1945
300
_a
Xii+939
650
_a
Algae
942
_c
BK
999
_c
351574
_d
351574